00461nam a2200157Ia 4500008004100000020001800041082001700059100002600076245003800102250000800140260007000148300002400218500001900242600002700261650001500288240925s9999 xx 000 0 und d a9781259098598 a621.3192 ALE aAlexander ,Charles K. 0aFundamentals of Electric Circuits a5th aNew Delhi:bMcGraw Hill Education (India) Private Limitedc,2013. a1018p.b0fOriginal aIncludes Index aElectronic Engineering aTechnology